| Поле | Инд. | ПП | Название | Значение |
|---|---|---|---|---|
| Тип записи | a | |||
| Библиографический уровень | m | |||
| 001 | Контрольный номер | 181b83cd-29cf-4a2b-a175-db5f8513288e | ||
| 005 | Дата корректировки | 20140226180533.7 | ||
| 008 | Кодируемые данные | 960426 d | ||
| 040 | a | Служба первич. каталог. | НБ ТвГУ | |
| 041 | a | Код языка текста | rus | |
| 080 | a | Индекс УДК | 530.145.6(075.8) | |
| a | Индекс УДК | 539.18(075.8) | ||
| 084 | a | Индекс другой классификации/Индекс ББК | В314я731-1 | |
| a | Индекс другой классификации/Индекс ББК | В36я731-1 | ||
| 090 | x | Авторский знак | С-59 | |
| a | Полочн. индекс | 530.18 | ||
| 100 | 1_ | a | Автор | Соколов Арсений Александрович |
| 245 | 1_ | a | Заглавие | Квантовая механика и атомная физика |
| b | Продолж. заглавия | Учеб. пособие для физ.-мат. фак. пед. ин-тов | ||
| c | Ответственность | А. А. Соколов, И. М. Тернов | ||
| 260 | 0_ | a | Место издания | Москва |
| b | Издательство | Просвещение | ||
| c | Дата издания | 1970 | ||
| 300 | a | Объем | 423 с. | |
| 650 | a | Основная рубрика | Квантовая механика | |
| x | Основная подрубрика | Учебники для вузов | ||
| 650 | a | Основная рубрика | Атомная физика | |
| 653 | a | Ключевые слова | Атомная физика | |
| a | Ключевые слова | Квантовая механика | ||
| a | Ключевые слова | Учебники | ||
| 700 | 1_ | a | Другие авторы | Тернов Игорь Михайлович |
| e | Роль лиц | авт. | ||
| 852 | t | Порядковый номер экземпляра | 23 | |
| p | Инвентарный номер | 390074 | ||
| p | Инвентарный номер | 390075 | ||
| p | Инвентарный номер | 362856 | ||
| p | Инвентарный номер | 362857 | ||
| p | Инвентарный номер | 15930-2 | ||
| p | Инвентарный номер | 15930-3 | ||
| p | Инвентарный номер | 15930-4 | ||
| p | Инвентарный номер | 15930-5 | ||
| p | Инвентарный номер | 15930-6 | ||
| p | Инвентарный номер | 15930-7 | ||
| p | Инвентарный номер | 15930-8 | ||
| p | Инвентарный номер | 16472-9 | ||
| p | Инвентарный номер | 17242-11 | ||
| p | Инвентарный номер | 17403-12 | ||
| p | Инвентарный номер | 17403-13 | ||
| p | Инвентарный номер | 17403-14 | ||
| p | Инвентарный номер | 17403-15 | ||
| p | Инвентарный номер | 17403-16 | ||
| p | Инвентарный номер | 17403-17 | ||
| p | Инвентарный номер | 17403-18 | ||
| p | Инвентарный номер | 17403-19 | ||
| p | Инвентарный номер | 17403-20 | ||
| p | Инвентарный номер | 17403-21 | ||
| p | Инвентарный номер | 18338-22 | ||
| p | Инвентарный номер | 18809-23 | ||
| 930 | a | Новая/Ретро | Осн.(рек.) (ДУБ. - каф.Теоретич.физ.) | |
| a | Новая/Ретро | учебники | ||
| 952 | c | Вид литературы | К ру | |
| 954 | a | Дата поступления на обработку | 20011002 | |
| 999 | a | Подразделение 2 | Фил3 |